| 000 | 01022nam a2200241Ia 4500 | ||
|---|---|---|---|
| 003 | IN-BaIIA | ||
| 008 | 211028s9999 xx 000 0 eng d | ||
| 020 | _a0-7923-3045-5 | ||
| 040 | _cIIA Library | ||
| 080 |
_a082.2:52 _bIAU-S162 |
||
| 111 |
_aSymposium of the International Astronomical Union on Pulsation, Rotation, and Mass Loss in Early-Type Stars _n162th _cFrance _d1993 Oct. 5-8 _919226 |
||
| 245 | 0 |
_aPulsation, rotation, and mass loss in early-type Stars _bproceedings of the 162nd Symposium of the IAU on pulsation, rotation, and mass loss in early-type Stars, held in France, October 5-8, 1993 _cedited by Balona, Luis A., Henrichs, Huib F and Le Contel |
|
| 260 |
_aDordrecht _bKluwer Academic _c1994 |
||
| 300 | _axxii, 550p. | ||
| 650 | _aAstronomy and Astrophysics Thesaurus | ||
| 650 |
_aEarly type Stars _95343 |
||
| 650 |
_aMass loss _93547 |
||
| 650 |
_aPulsation _919227 |
||
| 650 |
_aRotation _911145 |
||
| 700 |
_aBalona, L., ed. _919228 |
||
| 700 |
_aHenrichs, H., ed. _919229 |
||
| 942 | _cBK | ||
| 999 |
_c11223 _d11223 |
||